MDQL
is popping MORE tags! Check the
thread
!
Quizzes
Events
Quiz Creation
Community
Videos
Private Events
Remove Ads
Sign In
Join for FREE
Feedback
Dark Mode
Quiz Categories
Sports
Geography
Music
Movies
Television
Just For Fun
Miscellaneous
History
Literature
Language
Science
Gaming
Entertainment
Religion
Holiday
For Kids
Quiz Lab
Recent
Popular Today
Quiz Kudos Today
Editor Picks
Curator Picks
Quizzes by...
Day
Popularity
Type
Ratings
Length
Year
Community
Subscriptions
Recent Discussions
Orange Saloon
Badges
Playlists
Quests
Create
Leaderboards
Showdown
Live 5
Trivia Bingo
Activity
Puzzle Library
Sporcle Events
Private Events
Virtual Trivia
Globe League
Become a Host
Pub Owners
SporcleCon
Opinionation
Our Games
Videos
Blog
Mobile Apps
Partnerships
Remove Ads and Go Orange
Feedback
Geography
Country
Landmarks
City
State
Population
World
Capital
Continent
Flags
Europe
Africa
Asia
South America
North America
Oceania
Border
Canada
United Kingdom
Topography
United States
Geography
Country
Landmarks
City
State
Population
World
Capital
Continent
Flags
Europe
Africa
Asia
South America
North America
Oceania
Border
Canada
United Kingdom
Topography
United States
Random Quiz
Search Sporcle
×
Quiz Lab
Quiz Lab
Geography
Company
Type in answers that appear in a list
Type in answers that appear in a list
Classic
Best Score? Go Orange.
Southern Rail Stations Stats
Can you name the rail stations that are operated by Southern Rail?
By
Ajudah97
20m
219 Questions
98 Plays
98 Plays
98 Plays
Comments
Comments
Give Quiz Kudos
Give Quiz Kudos
-
- Ratings
hide this ad
More Info
Replay
Link that replays current quiz
Next Quiz
Link to next quiz in quiz playlist
You Got
0%
They Got
Avg Score
37%
Avg Friend Score
Upgrade to see
Score Distribution
Jump to the score distribution portion of the page
Score
0/219
Timer
20:00
0
Plays Today
Other Train Companies at Station
Station
% Correct
🟪🔴🟢
Brighton
80.6%
🟪
Littlehampton
72.4%
✈️🟪🔴🟢
Gatwick Airport
71.4%
🟪🟢
Worthing
67.3%
🟪🟢
Hove
67.3%
🟪
East Croydon
66.3%
🚢🟢
Portsmouth Harbour
65.3%
🟦🔴🟫
Victoria
65.3%
🟢🟣
Southampton Central
62.2%
🟢
Chichester
60.2%
🚢🟢
Portsmouth & Southsea
60.2%
🟧
Clapham Junction
60.2%
Eastbourne
59.2%
🟪🟦🟫
London Bridge
59.2%
🟪
Horsham
58.2%
🟪🟢
Redhill
58.2%
Bognor Regis
57.1%
🟧
West Croydon
57.1%
🟪
West Worthing
56.1%
🟪🟢
Shoreham-by-Sea
56.1%
🟢
Fratton
56.1%
London Road
56.1%
Lewes
56.1%
Hastings
56.1%
🟪
Haywards Heath
56.1%
London Road
56.1%
Arundel
55.1%
🟪
Crawley
55.1%
🟪
Three Bridges
55.1%
🟪
South Croydon
55.1%
🟠
Ashford International
53.1%
🟪
Preston Park
53.1%
Seaford
52%
🟢
Havant
51%
Battersea Park
51%
🟪
Burgess Hill
50%
🟪
Purley
50%
Falmer
49%
🟪
Hassocks
49%
🟪
Horley
49%
🟢
Reigate
49%
🟥
Epsom
49%
🟪🟢
Angmering
48%
East Worthing
48%
🟪
Lancing
48%
🟢
Barnham
48%
🟪
Goring-by-Sea
46.9%
🟪🟢
Portslade
46.9%
🟪
Coulsdon South
46.9%
🟪
East Grinstead
46.9%
🟪
Sutton
46.9%
Purley Oaks
45.9%
🟪
Norwood Junction
45.9%
🟥
Dorking
45.9%
Ore
44.9%
Tattenham Corner
44.9%
🟪
Streatham
44.9%
🟪
Durrington-on-Sea
43.9%
Ford
43.9%
✈️🟢🟣
Southampton Airport Parkway
43.9%
Newhaven Town
43.9%
Selhurst
43.9%
Streatham Common
43.9%
🟫
Balham
43.9%
🚢
Newhaven Harbour
42.9%
Rye
42.9%
🟪
Merstham
42.9%
🟢
Fareham
41.8%
Thornton Heath
41.8%
Caterham
41.8%
Crystal Palace
41.8%
Amberley
40.8%
Christs Hospital
40.8%
Other Train Companies at Station
Station
% Correct
🟪
Salfords
40.8%
Uckfield
40.8%
Epsom Downs
40.8%
Wandsworth Common
39.8%
🟪
Oxted
39.8%
🟪🟫
Wimbledon
39.8%
🟢
Cosham
38.8%
🟢🟣
Eastleigh
38.8%
Tonbridge
38.8%
Coulsdon Town
38.8%
🟢🟣
Guildford
38.8%
Southwick
37.8%
Emsworth
37.8%
Billingshurst
37.8%
🟪
Earlswood
37.8%
🟧⬜️
Watford Junction
37.8%
Aldrington
37.8%
🟪
Littlehaven
36.7%
🟪
Ifield
36.7%
🟪
Wivelsfield
36.7%
Norbury
36.7%
Anerley
36.7%
🟪
New Cross Gate
36.7%
🟪
Carshalton
36.7%
Polegate
35.7%
Hampden Park
35.7%
St.Leonards Warrior Square
35.7%
🟫
Kensington Olympia
35.7%
🟥
Leatherhead
35.7%
🟪
Tulse Hill
35.7%
Hilsea
34.7%
Bexhill
34.7%
Appledore
34.7%
Ham Street
34.7%
Pulborough
34.7%
⬜️
Milton Keynes Central
34.7%
Whyteleafe
34.7%
Carshalton Beeches
34.7%
Fishersgate
33.7%
Nutbourne
33.7%
St.Denys
33.7%
🟪
Balcombe
33.7%
Penge West
33.7%
🟪
Upper Warlingham
33.7%
Reedham
33.7%
🟥
Boxhill & Westhumble
33.7%
Ewell East
33.7%
Glynde
32.7%
Imperial Wharf
32.7%
Shepherds Bush
32.7%
Leigh
32.7%
Whyteleafe South
32.7%
Streatham Hill
32.7%
Fishbourne
31.6%
Southbourne
31.6%
Swanwick
31.6%
Moulsecoomb
31.6%
Southease
31.6%
Pevensey Bay
31.6%
Cooden Beach
31.6%
West Brompton
31.6%
Sydenham
31.6%
🟪
Hurst Green
31.6%
🟪
Sanderstead
31.6%
🟪
Peckham Rye
31.6%
Beckenham Junction
31.6%
Bosham
30.6%
Pevensey & Westham
30.6%
Brockley
30.6%
🟪
Dormans
30.6%
🟪
Riddlesdown
30.6%
Kenley
30.6%
Portchester
29.6%
Other Train Companies at Station
Station
% Correct
Winchelsea
29.6%
🟧
Wembley Central
29.6%
🟪
Lingfield
29.6%
Kingswood
29.6%
Warnham
29.6%
🟪
Mitcham Junction
29.6%
South Bermondsey
29.6%
Bedhampton
28.6%
Cooksbridge
28.6%
🟧
Harrow & Wealdstone
28.6%
🟪
Woldingham
28.6%
Edenbridge
28.6%
Banstead
28.6%
West Norwood
28.6%
Normans Bay
27.6%
Three Oaks
27.6%
Plumpton
27.6%
Honor Oak Park
27.6%
Chipstead
27.6%
Cheam
27.6%
Belmont
27.6%
Bishopstone
26.5%
Berwick
26.5%
Tring
26.5%
Ockley
26.5%
Wallington
26.5%
🟪
Mitcham Eastfields
26.5%
West Sutton
26.5%
Woodmansterne
25.5%
Waddon
25.5%
Morden South
25.5%
Queens Road Peckham
25.5%
Doleham
24.5%
Forest Hill
24.5%
Edenbridge Town
24.5%
Ashurst
24.5%
Crowborough
24.5%
East Dulwich
24.5%
Warblington
23.5%
Woolston
23.5%
Collington
23.5%
Godstone
23.5%
Tadworth
23.5%
North Dulwich
23.5%
Birkbeck
23.5%
Bitterne
22.4%
Hemel Hempstead
22.4%
Leighton Buzzard
22.4%
Hever
22.4%
Effingham Junction
22.4%
Wimbledon Chase
22.4%
Bletchley
21.4%
Penshurst
21.4%
Clandon
21.4%
🟪
Tooting
21.4%
South Merton
21.4%
St.Helier
21.4%
Sutton Common
21.4%
Gipsy Hill
21.4%
Netley
20.4%
Eridge
20.4%
Buxted
20.4%
Nutfield
20.4%
🟪
Hackbridge
20.4%
Cowden
19.4%
Holmwood
19.4%
Sholing
18.4%
Hamble
18.4%
Bursledon
17.3%
Horsley
17.3%
Berkhamsted
16.3%
🟪
Haydons Road
15.3%
Bookham
14.3%
Quiz Playlist
Details
Report
Send in Message
Add To Playlist
More Info:
DIFFERENT COMPANIES 🟥SWR 🟪Thameslink 🟨Network Rail 🟦Southeastern 🟩London Northwestern 🟧London Overground 🟫London Underground ⬜️Avanti 🟢GWR 🟣Crosscounty 🟠Eurostar 🔴Gatwick Express ✈️ Airport 🚢 Harbour
Classic:
Type in answers that appear in a list
Last Updated: May 18, 2020
Quiz Scoreboard
CHALLENGE
Sign Up to Join the Scoreboard
Show All
Scores
Hide
Comments
May contain spoilers
Recently Published
1-10 Letter E Words III
by El_Dandy
Language
2m
Street Fighter Characters
by Artimus82
Gaming
60s
College Basketball Coaching Resumes
by pancakes188
Sports
9m
More to Explore
Quiz From the Vault
Featured Blog Post
Where Did the Easter Bunny Come From?
hide this ad
You Might Also Like...
Tags
Company Quiz
Different
Operated
rail
run
Southern
station
train
Today's Top Quizzes in Geography
Browse Geography
hide this ad
Today's Top Quizzes in Company
Browse Company
Top Contributed Quizzes in Geography
1
Countries of the World - No Outlines Minefield
2
Top 25 Cities of France on a map
3
Any capital of a 'B' country per Continent
4
Any capital of a 'C' country per Continent
5
Closest Countries to UK A-Z
6
Any capital of a 'D' country per Continent
7
5-to-1: US Geography No Hints
8
Any capital of an 'E' country per Continent
9
Find the US States - No Outlines
10
Any capital of an 'F' country per Continent
Explore More
Trending Topics
Kpop
Crossword
NBA
Harry Potter
Marvel
Anime
Disney
Country
Soccer
NFL
Puzzle
Pokémon
Song
WWE
The Office
hide this ad
More By:
Ajudah97
Quiz
Plays
Rating
Category
Featured
Created
F1 Max Verstappen Minefield
1,858
4.00
Sports
Sep 26, 2020
F1 Every Constructor in the Championship
1,620
4.33
Sports
Feb 6, 2021
F1 Who Wants to be a Millionaire
1,025
4.50
Sports
Jan 5, 2021
Football who wants to be a millionaire
975
Sports
May 26, 2020
Anyone but Daniel Ricciardo
762
2.63
Sports
Aug 14, 2017
Go to Creator's Profile
Score Distribution
Quiz Creator Spotlight
Ajudah97
Follow
Send a Message
Quizzes Created
-
Created Quiz Play Count
-
More By This Creator
Popular Quizzes Today
1
Find the US States - No Outlines Minefield
2
Find the Countries of Europe - No Outlines Minefield
3
Find the US States
4
The Countries of the World
5
Risky Map Clicking: Biggest States A-Z
6
US States
7
Popular People in 1961
8
Movies - When Are They Set?
More Geography Quizzes
US Capitals Time Zones
Published
Trending Quizzes
Risky Map Clicking: Least Populous States A-Z
1-10 Letter G Words
Countries of the World: 200 Million BC
1-10 Letter F Words
Risky Map Clicking: Next State Alphabetically
Recently Updated
Largest US Cities 1790-2010
pecheneg
Rides in Walt Disney World
pecheneg
Most Oscar Losses (Acting)
pecheneg
Beyoncé Albums
pecheneg
Leaping Animals
pecheneg
Reality TV Shows (A-Z)
bhenderson79
Rickey Henderson's Hall of Fame Teammates
pecheneg
Champions League XIs: Arsenal
pecheneg
Quick Pick: Celebrities in WWE's Hall of Fame
aduchscher
A-Z Keypad Blitz II
pecheneg
Trending Topics
NBA
Harry Potter
Kpop
Marvel
Anime
Disney
Crossword
Soccer
Song
Country
The Office
Puzzle
WWE
NFL
Pokémon
Your Account Isn't Verified!
In order to create a playlist on Sporcle, you need to verify the email address you used during registration. Go to your
Sporcle Settings
to finish the process.
Report this User
Report this user for behavior that violates our
Community Guidelines
.
Details:
Send Report
Go to the Sporcle.com Mobile Site →
Comments